| 000 | 00510nam a2200169Ia 4500 | ||
|---|---|---|---|
| 003 | OSt | ||
| 005 | 20210108145728.0 | ||
| 008 | 190216s9999||||xx |||||||||||||| ||und|| | ||
| 040 | _coclc | ||
| 082 |
_a894.8125 _bKAL/V |
||
| 100 |
_aKalam, A P J Abdul _92031 |
||
| 245 | 0 |
_aVazhivelichangal / _cA P J Abdul Kalam ; Arun K Tiwari ; P K Shivadas |
|
| 260 |
_bDc Books, _a Kottayam: _c2007. |
||
| 300 | _a140p | ||
| 650 | _aLekhanam | ||
| 942 |
_cBK _2ddc _h894.8125 _iKAL/V _k894.8125 _mKAL/V |
||
| 999 |
_c29251 _d29251 |
||